000 00606nam a2200181 4500
001 111085
003 ES-MaACL
005 20230906185234.0
007 t|
008 061121s1917 it r ||||1| ita d
100 1 _aOjetti, Ugo.
_986620
245 1 2 _aI monumenti italiani e la guerra /
_cUgo Ojetti ; a cura dell'ufficio speciale del Ministero della Marina.
260 _aMilano :
_bArti Grafiche,
_c1917.
300 _a30 p., 140 lám. ;
_c30 cm.
650 4 _aGuerra mundial, 1914-1918-
_xArte y guerra.
_9148094
710 2 _aItalia.
_bMinistero della Marina.
_9171547
852 _aES-MaACL
_jB-11470
999 _c111085
_d111085